Dix grands orateurs attiques - Statistiques

Statistiques générales
  • Ce quiz a été pris 10 fois
  • Le résultat moyen est 3 sur 10
Statistiques - réponses
Nom % Correct
Démosthène
100%
Lysias
50%
Isée
38%
Isocrate
38%
Eschine
25%
Andocide
13%
Antiphon
13%
Dinarque
13%
Lycurgue
13%
Hypéride
0%
Aucun quiz correspondant
Distribution des résultats
% des personnes avec chaque résultat
Percentile par nombre de réponses
Votre historique - résultats
Vous n’avez pas pris ce quiz